Estrategias para la enseñanza de la arquitectura : (Registro nro. 26447)
[ vista simple ]
| 000 -LEADER | |
|---|---|
| fixed length control field | 02269cam a2200433 i 4500 |
| 001 - CONTROL NUMBER | |
| control field | 26447 |
| 003 - CONTROL NUMBER IDENTIFIER | |
| control field | Mx-PuUPA |
| 005 - DATE AND TIME OF LATEST TRANSACTION | |
| control field | 20250422095741.0 |
| 008 - FIXED-LENGTH DATA ELEMENTS--GENERAL INFORMATION | |
| fixed length control field | 140415s2003 mx a gr 001 0 spa d |
| 040 ## - CATALOGING SOURCE | |
| Transcribing agency | Mx-PuUPA |
| Original cataloging agency | Mx-PuUPA |
| Language of cataloging | spa |
| Modifying agency | Mx-PuUPA |
| Description conventions | rda |
| 041 0# - LANGUAGE CODE | |
| Language code of text/sound track or separate title | spa |
| 100 1# - MAIN ENTRY--PERSONAL NAME | |
| Personal name | Riviello Zenteno, Angélica, |
| 9 (RLIN) | 16949 |
| Relator term | autor |
| 245 10 - TITLE STATEMENT | |
| Title | Estrategias para la enseñanza de la arquitectura : |
| Remainder of title | el modelo centrado en el alumno aplicado al nuevo plan de estudios de la Facultad de Arquitectura de la Universidad Popular Autónoma del Estado de Puebla / |
| Statement of responsibility, etc. | Angélica Riviello Zenteno, Eduardo Lugo Laguna, Marco Antonio Fernández Casas, José Manuel Fernández Millán, Verónica Orozco Velázquez, Juan Manuel Márquez Murad, autores ; Fernando Rodríguez Concha, Dolores Dib Álvarez, Javier Ramírez Sánchez, colaboradores integrantes de la Academia de la Facultad de Arquitectura; Marco Antonio Fernández Casas, Jessica Sánchez Vite, Diana Suárez Sánchez, Jesahel García Flores, Coral A. Ramírez Sánchez, editores |
| 250 ## - EDITION STATEMENT | |
| Edition statement | Primera edición |
| 264 #1 - PRODUCTION, PUBLICATION, DISTRIBUTION, MANUFACTURE, AND COPYRIGHT NOTICE | |
| Place of production, publication, distribution, manufacture | Puebla, Pue. : |
| Name of producer, publisher, distributor, manufacturer | Departamento de Arte y Arquitectura de la Universidad Popular Autónoma del Estado de Puebla, |
| Date of production, publication, distribution, manufacture, or copyright notice | 2003 |
| 300 ## - PHYSICAL DESCRIPTION | |
| Extent | 149 páginas : |
| Other physical details | ilustraciones, tablas ; |
| Dimensions | 28 cm |
| 336 ## - CONTENT TYPE | |
| Fuente | rdacontent |
| Content type term | texto |
| Content type code | txt |
| 337 ## - MEDIA TYPE | |
| Source | rdamedia |
| Media type term | sin medio |
| Media type code | n |
| 338 ## - CARRIER TYPE | |
| Source | rdacarrier |
| Carrier type term | volumen |
| Carrier type code | nc |
| 650 #7 - SUBJECT ADDED ENTRY--TOPICAL TERM | |
| Topical term or geographic name entry element | Cambios culturales |
| Source of heading or term | armarc |
| 650 #7 - SUBJECT ADDED ENTRY--TOPICAL TERM | |
| Source of heading or term | armarc |
| Topical term or geographic name entry element | Arquitectura |
| General subdivision | Planes de estudio |
| -- | Currículo |
| 700 1# - ADDED ENTRY--PERSONAL NAME | |
| Personal name | Lugo Laguna, Eduardo |
| Relator term | autor |
| 700 1# - ADDED ENTRY--PERSONAL NAME | |
| Personal name | Fernández Casas, Marco Antonio, |
| Relator term | autor |
| -- | editor |
| 700 1# - ADDED ENTRY--PERSONAL NAME | |
| Personal name | Fernández Millán, José Manuel, |
| Relator term | autor |
| 700 1# - ADDED ENTRY--PERSONAL NAME | |
| Personal name | Orozco Velázquez, Verónica, |
| Relator term | autor |
| 700 1# - ADDED ENTRY--PERSONAL NAME | |
| Personal name | Márquez Murad, Juan Manuel, |
| Relator term | autor |
| 700 1# - ADDED ENTRY--PERSONAL NAME | |
| Personal name | Sánchez Vite |
| Relator term | editor |
| 700 1# - ADDED ENTRY--PERSONAL NAME | |
| Personal name | Suárez Sánchez, Diana, |
| Relator term | editor |
| 700 1# - ADDED ENTRY--PERSONAL NAME | |
| Personal name | García Flores, Jesahel |
| Relator term | editor |
| 700 1# - ADDED ENTRY--PERSONAL NAME | |
| Personal name | Ramírez Sánchez, Coral A. |
| Relator term | editor |
| 700 1# - ADDED ENTRY--PERSONAL NAME | |
| Personal name | Rodríguez Concha, Fernando |
| Relator term | colaborador |
| 700 1# - ADDED ENTRY--PERSONAL NAME | |
| Personal name | Dib Álvarez, Dolores |
| Relator term | colaborador |
| 700 1# - ADDED ENTRY--PERSONAL NAME | |
| Personal name | Ramírez Sánchez, Jaime, |
| Relator term | colaborador |
| 942 ## - ADDED ENTRY ELEMENTS (KOHA) | |
| Source of classification or shelving scheme | Dewey Decimal Classification |
| Koha item type | Libro |
| Classification part | 375 |
| Item part | R66 |
| 260 ## - PUBLICATION, DISTRIBUTION, ETC. | |
| Place of publication, distribution, etc. | |
| Name of publisher, distributor, etc. | |
| Date of publication, distribution, etc. | |
| Withdrawn status | Lost status | Source of classification or shelving scheme | Damaged status | Not for loan | Collection code | Home library | Current library | Shelving location | Date acquired | Source of acquisition | Cost, normal purchase price | Total Checkouts | Full call number | Barcode | Date last seen | Cost, replacement price | Price effective from | Koha item type |
|---|---|---|---|---|---|---|---|---|---|---|---|---|---|---|---|---|---|---|
| Dewey Decimal Classification | General | Biblioteca Karol Wojtyla | Biblioteca Karol Wojtyla | Sala general | 01/01/2022 | Donación | 0.00 | 375 R66 2003 | 49137 | 05/01/2026 | 0.00 | 03/12/2013 | Libro |